Beginning autocad 2004 (Record no. 569906)
[ view plain ]
| 000 -LEADER | |
|---|---|
| fixed length control field | 00458nam a22001817a 4500 |
| 003 - CONTROL NUMBER IDENTIFIER | |
| control field | CEME |
| 005 - DATE AND TIME OF LATEST TRANSACTION | |
| control field | 20210628202458.0 |
| 008 - FIXED-LENGTH DATA ELEMENTS--GENERAL INFORMATION | |
| fixed length control field | 210114b xxu||||| |||| 00| 0 eng d |
| 020 ## - INTERNATIONAL STANDARD BOOK NUMBER | |
| International Standard Book Number | 0750664517 |
| 040 ## - CATALOGING SOURCE | |
| Transcribing agency | ceme |
| 082 ## - DEWEY DECIMAL CLASSIFICATION NUMBER | |
| Classification number | 620.004202850 MCF |
| 100 ## - MAIN ENTRY--PERSONAL NAME | |
| Personal name | Mcfarlane, Bob |
| 9 (RLIN) | 60078 |
| 245 ## - TITLE STATEMENT | |
| Title | Beginning autocad 2004 |
| 260 ## - PUBLICATION, DISTRIBUTION, ETC. | |
| Place of publication, distribution, etc. | INDIA |
| Name of publisher, distributor, etc. | ELSEVIER |
| Date of publication, distribution, etc. | 2004 |
| 300 ## - PHYSICAL DESCRIPTION | |
| Extent | 374P |
| 650 ## - SUBJECT ADDED ENTRY--TOPICAL TERM | |
| Topical term or geographic name entry element | AUTOCAD 2004.BEGINNING AUTO CAD 2004 |
| 9 (RLIN) | 60079 |
| 942 ## - ADDED ENTRY ELEMENTS (KOHA) | |
| Koha item type | Book |
| Source of classification or shelving scheme | |
| Withdrawn status | Lost status | Source of classification or shelving scheme | Damaged status | Not for loan | Permanent Location | Current Location | Shelving location | Date acquired | Full call number | Barcode | Date last seen | Price effective from | Koha item type | Public note | Total Checkouts |
|---|---|---|---|---|---|---|---|---|---|---|---|---|---|---|---|
| College of Electrical & Mechanical Engineering (CEME) | College of Electrical & Mechanical Engineering (CEME) | General Stacks | 03/17/2017 | 620.004202850 MCF | CEME-46959 | 06/28/2021 | 06/28/2021 | Book | 4.1 | ||||||
| College of Electrical & Mechanical Engineering (CEME) | College of Electrical & Mechanical Engineering (CEME) | General Stacks | 03/17/2017 | 620.004202850 MCF | CEME-46960 | 06/28/2021 | 06/28/2021 | Book | 4.1 | 1 | |||||
| College of Electrical & Mechanical Engineering (CEME) | College of Electrical & Mechanical Engineering (CEME) | General Stacks | 03/17/2017 | 620.004202850 MCF | CEME-46961 | 06/28/2021 | 06/28/2021 | Book | 4.1 |
